000 02010nam0a2200397 4500
001 RU\NLR\bibl\1009730
005 20260405121733.0
010 _a5-462-00272-6
_910000
021 _aRU
_b2006-62287
_93104
021 _aRU
_b2007-12691
_9675
035 _aRSL-KNO-002485051
035 _a(NLR Aleph) 000997369
090 _a556849
_c556849
100 _a20061117d2006 |||y0rusy50 ca
101 0 _arus
102 _aRU
105 _aa |||||||||
106 _ar
200 1 _aКурс практической психологии, или Как научиться работать и добиваться успеха
_e[учебное пособие для высшего управленчского персонала
_eкак меньше делать, но больше успевать, как изменить дела к лучшему, как читать человека, словно книгу]
_fРаиль Кашапов
210 _aМосква
_cАСТ Пресс
_cАСТ-ПРЕСС КНИГА
_d2006
215 _a443,[1] с.
_cил.
_d22
225 1 _aПрактическая психология
517 0 _aКак научиться работать и добиваться успеха
606 1 _aРуководители
_jУчебные издания
_xУправленческая деятельность
_92182530
_3RU\NLR\auth\661312384
610 0 _aПсихология --Отраслевая психология -- Практическая (консультативная) психология -- Учебник для высшей школы
686 _aЮ949.2я73-1
_2rubbk
686 _aЮ941.196я7
686 _aС550.372.2я7
700 1 _4070
_8rus
_7ca
_aКашапов
_bР. Р.
_f1958-
_gРаиль Рифкатович
_3RU\NLR\auth\7747709
_930644
801 0 _aRU
_bRuMoRKP
_c20041006
_grcr
801 1 _aRU
_bRuMoRGB
_c20041006
801 2 _aRU
_bNLR
_c20050323
_gPSBO
830 _aавт. по кн.
942 _cBOOK
980 _aNB